[Event "CYCC U14"]
[Site "Quebec CAN"]
[Date "2018.07.04"]
[Round "5.32"]
[White "Tanaka, Tyler"]
[Black "Doknjas, Neil"]
[Result "1-0"]
[WhiteElo "2067"]
[BlackElo "1917"]
[PlyCount "95"]
[EventDate "2018.07.02"]
[EventType "swiss"]
[EventRounds "7"]
[EventCountry "CAN"]

1. e4 c5 2. Nf3 d6 3. d4 cxd4 4. Nxd4 Nf6 5. Nc3 a6 6. Bg5 e6 7. f4 Qb6 8. Nb3
Nbd7 9. Be2 Be7 10. Qd3 Qc7 11. O-O-O b5 12. Bf3 Bb7 13. a3 Rd8 14. Qe3 Nb6 15.
Na5 Ba8 16. e5 Nfd5 17. Nxd5 Nxd5 18. Bxd5 Bxd5 19. Bxe7 Kxe7 20. Rxd5 exd5 21.
exd6+ Kxd6 22. Qe5+ Kd7 23. Qxd5+ Ke8 24. Qe4+ Kf8 25. Re1 g6 26. Nc6 Rd6 27.
Qe5 Rg8 28. Ne7 f6 29. Qe3 Qd7 30. Nxg8 Kxg8 31. g3 Kg7 32. h4 a5 33. Qc3 a4
34. Qc5 Kf7 35. h5 Rd5 36. hxg6+ hxg6 37. Qc3 Rd6 38. Qe3 Rd5 39. g4 Rd6 40. f5
gxf5 41. gxf5 Kf8 42. Qh6+ Kf7 43. Qg6+ Kf8 44. Rg1 Ke7 45. Qg8 Rd1+ 46. Rxd1
Qxf5 47. Qd8+ Kf7 48. Qd5+ 1-0

[Event "CYCC U14"]
[Site "Quebec CAN"]
[Date "2018.07.05"]
[Round "5.33"]
[White "Ramesh, Sanjay"]
[Black "England, Max"]
[Result "0-1"]
[WhiteElo "1416"]
[BlackElo "2061"]
[PlyCount "78"]
[EventDate "2018.07.02"]
[EventType "swiss"]
[EventRounds "7"]
[EventCountry "CAN"]

1. d4 Nf6 2. c4 e6 3. Nc3 d5 4. Nf3 Bd6 5. Bg5 c6 6. e4 dxe4 7. Nxe4 Be7 8. Nc3
h6 9. Bh4 O-O 10. Bd3 Nbd7 11. O-O b6 12. Qe2 Bb7 13. Rfd1 Nh5 14. Bg3 Nxg3 15.
hxg3 Nf6 16. Ne4 Qc7 17. Ne5 c5 18. Nf3 Rfd8 19. dxc5 bxc5 20. a3 Rab8 21. Nc3
a6 22. Rd2 Qc6 23. Rad1 Bd6 24. Bb1 Bc7 25. Na2 Ne4 26. Bxe4 Qxe4 27. Qxe4 Bxe4
28. b4 cxb4 29. axb4 Bc2 30. Rxd8+ Rxd8 31. Rxd8+ Bxd8 32. Nd4 Bd3 33. c5 Bc4
34. Nc3 Bf6 35. c6 Be5 36. f4 Bxd4+ 37. Kh2 Bb6 38. Na4 Bc7 39. Nc3 Bb5 0-1

[Event "CYCC U14"]
[Site "Quebec CAN"]
[Date "2018.07.04"]
[Round "5.34"]
[White "Wu, Tony (Dongze)"]
[Black "Wang, Eric"]
[Result "1-0"]
[WhiteElo "1883"]
[BlackElo "1682"]
[PlyCount "63"]
[EventDate "2018.07.02"]
[EventType "swiss"]
[EventRounds "7"]
[EventCountry "CAN"]

1. d4 d5 2. Nf3 Nf6 3. g3 e6 4. Bg2 Be7 5. O-O O-O 6. c4 c6 7. Nc3 Nbd7 8. Nd2
b6 9. e4 dxe4 10. Ndxe4 Bb7 11. Qa4 Nxe4 12. Nxe4 c5 13. dxc5 Bxe4 14. Bxe4
Nxc5 15. Qc2 Nxe4 16. Qxe4 Bg5 17. b4 Bf6 18. Rb1 Rc8 19. Be3 Be7 20. Rfc1 Qd7
21. c5 Qc6 22. Qxc6 Rxc6 23. b5 Rcc8 24. cxb6 axb6 25. Bxb6 Ra8 26. Bc7 Bd8 27.
b6 Bxc7 28. Rxc7 Rab8 29. a4 Rfd8 30. b7 Kf8 31. a5 Ke8 32. a6 1-0

[Event "CYCC U14"]
[Site "Quebec CAN"]
[Date "2018.07.04"]
[Round "5.35"]
[White "Liu, Harrison"]
[Black "Ahmed, Syed Ibrahim"]
[Result "0-1"]
[WhiteElo "1828"]
[BlackElo "1493"]
[PlyCount "94"]
[EventDate "2018.07.02"]
[EventType "swiss"]
[EventRounds "7"]
[EventCountry "CAN"]

1. e4 e6 2. d4 d5 3. Nd2 Nf6 4. e5 Nfd7 5. Bd3 c5 6. c3 Nc6 7. Ne2 Be7 8. O-O
a6 9. f4 Qb6 10. Nf3 cxd4 11. cxd4 Nb4 12. f5 Nxd3 13. Qxd3 exf5 14. Nf4 Qc6
15. Qxf5 Nc5 16. Qc2 Ne4 17. Qb3 Be6 18. Be3 Qb5 19. Qxb5+ axb5 20. Nxe6 fxe6
21. a3 Ra4 22. Bc1 Kd7 23. b3 Ra6 24. Nd2 Rf8 25. Rxf8 Bxf8 26. Nxe4 dxe4 27.
Bb2 Rc6 28. Rc1 Rxc1+ 29. Bxc1 Kc6 30. h4 Kd5 31. Bb2 e3 32. Kf1 Ke4 33. Ke2
Be7 34. g3 h5 35. b4 Bd8 36. Bc3 Bb6 37. d5 Kxd5 38. Kd3 g6 39. Bb2 e2 40. Kxe2
Bd4 41. Bxd4 Kxd4 42. Kd2 Kxe5 43. Kd3 Kd5 44. Ke3 e5 45. Kd3 e4+ 46. Ke3 Ke5
47. Ke2 Kd4 0-1

[Event "CYCC U14"]
[Site "Quebec CAN"]
[Date "2018.07.04"]
[Round "5.36"]
[White "Chung, Leo"]
[Black "Arcand, Louis"]
[Result "1-0"]
[WhiteElo "1696"]
[BlackElo "1267"]
[PlyCount "93"]
[EventDate "2018.07.02"]
[EventType "swiss"]
[EventRounds "7"]
[EventCountry "CAN"]

1. Nf3 Nf6 2. g3 e6 3. Bg2 d5 4. d3 c5 5. O-O Nc6 6. Re1 Be7 7. Nbd2 O-O 8. e4
Qd7 9. c3 d4 10. e5 Ne8 11. c4 b6 12. Ne4 Bb7 13. Bf4 f5 14. exf6 Nxf6 15. Neg5
Nd8 16. Qe2 h6 17. Nxe6 Qxe6 18. Qxe6+ Nxe6 19. Rxe6 Rf7 20. Ne5 Bxg2 21. Kxg2
Nh5 22. Nxf7 Kxf7 23. Rae1 Nxf4+ 24. gxf4 Bf6 25. f5 Rb8 26. a4 Bg5 27. Rc6 Rb7
28. Kg3 h5 29. h3 Bf6 30. Ree6 Rd7 31. Kf4 Bh4 32. f3 Bf6 33. Ke4 Rb7 34. Rc8
Rd7 35. Ree8 Be7 36. Rh8 h4 37. Rc6 Bf6 38. Re6 Bg5 39. f4 Bh6 40. Ree8 Re7+
41. Rxe7+ Kxe7 42. Ra8 Kf6 43. Rxa7 g5 44. fxg5+ Bxg5 45. Rb7 Bd2 46. Rxb6+ Kf7
47. f6 1-0

[Event "CYCC U14"]
[Site "Quebec CAN"]
[Date "2018.07.04"]
[Round "5.37"]
[White "Xiao, Edward"]
[Black "Zhang, Andy"]
[Result "0-1"]
[WhiteElo "1524"]
[BlackElo "1382"]
[PlyCount "56"]
[EventDate "2018.07.02"]
[EventType "swiss"]
[EventRounds "7"]
[EventCountry "CAN"]

1. d4 Nf6 2. c4 g6 3. Nc3 Bg7 4. e4 d6 5. Be2 O-O 6. Nf3 e5 7. O-O Nc6 8. d5
Ne7 9. Be3 Nd7 10. Qc2 f5 11. Bg5 f4 12. Nd2 h6 13. Bxe7 Qxe7 14. Bg4 h5 15.
Be6+ Kh8 16. b4 g5 17. h3 Nf6 18. Bxc8 Raxc8 19. Nf3 g4 20. Nh4 Qf7 21. hxg4
hxg4 22. Rfc1 Qh5 23. Nf5 f3 24. Qd3 Nh7 25. g3 Ng5 26. Nd1 Nh3+ 27. Kf1 Nf4
28. gxf4 Qh1# 0-1

[Event "CYCC U14"]
[Site "Quebec CAN"]
[Date "2018.07.04"]
[Round "5.38"]
[White "Cloutier, Simon"]
[Black "James, Rowan"]
[Result "1/2-1/2"]
[WhiteElo "1366"]
[BlackElo "1903"]
[PlyCount "113"]
[EventDate "2018.07.02"]
[EventType "swiss"]
[EventRounds "7"]
[EventCountry "CAN"]

1. e4 Nc6 2. Nc3 e5 3. Nf3 Nf6 4. Bc4 Nxe4 5. Bxf7+ Kxf7 6. Nxe4 d5 7. Ng3 Bd6
8. d3 h6 9. Be3 Rf8 10. Qe2 Qf6 11. O-O-O a5 12. h3 a4 13. a3 Bd7 14. Nh2 b5
15. Qf3 Qxf3 16. Nxf3 b4 17. axb4 Nxb4 18. c3 Nc6 19. Kc2 Rfb8 20. Ra1 Na5 21.
Rab1 Nb3 22. Kd1 Bb5 23. Ne1 d4 24. Bd2 a3 25. bxa3 Nxd2 26. Kxd2 dxc3+ 27.
Kxc3 Rxa3+ 28. Kd2 Rb6 29. Ne4 Ke6 30. Nc3 Bc6 31. Nc2 Raa6 32. f3 Ba4 33. Rxb6
cxb6 34. Rb1 Bxc2 35. Kxc2 Bc5 36. Re1 Bd4 37. Nb5 Kf5 38. Nxd4+ exd4 39. Kb3
Kf4 40. Re4+ Kg3 41. Rg4+ Kf2 42. Rxg7 Ke3 43. Re7+ Kxd3 44. f4 b5 45. f5 Rf6
46. g4 Kd2 47. Rd7 d3 48. Kb2 Ke2 49. Re7+ Kd1 50. Re6 Rf8 51. Rxh6 d2 52. Re6
Rc8 53. f6 Rc2+ 54. Kb1 Rc1+ 55. Kb2 Rc2+ 56. Kb1 Rc1+ 57. Kb2 1/2-1/2

[Event "CYCC U14"]
[Site "Quebec CAN"]
[Date "2018.07.04"]
[Round "5.39"]
[White "Zagas, Michael"]
[Black "Demers, Alexis"]
[Result "0-1"]
[WhiteElo "1273"]
[BlackElo "1726"]
[PlyCount "118"]
[EventDate "2018.07.02"]
[EventType "swiss"]
[EventRounds "7"]
[EventCountry "CAN"]

1. d4 f5 2. Nc3 Nf6 3. Bf4 e6 4. h3 d5 5. Nf3 c6 6. e3 Bb4 7. Qd3 Ne4 8. Be2
Qa5 9. O-O Bxc3 10. bxc3 Qxc3 11. Qxc3 Nxc3 12. Bd3 O-O 13. Ne5 Nd7 14. a3 Nxe5
15. Bxe5 b6 16. Kh1 a5 17. f4 Rf7 18. g4 Ba6 19. Bxa6 Rxa6 20. g5 g6 21. Rg1 b5
22. h4 Rfa7 23. h5 Ne4 24. hxg6 hxg6 25. Rg2 Rh7+ 26. Kg1 Raa7 27. Rh2 Rxh2 28.
Kxh2 Rh7+ 29. Kg2 Kf8 30. Rh1 Rxh1 31. Kxh1 Nd2 32. Kg2 Nc4 33. Kf2 Ke7 34. Ke2
Nxa3 35. Kd1 Nc4 36. Kc1 Nxe3 37. Kb1 Nc4 38. Bf6+ Kd7 39. Ka2 Nd6 40. Kb3 Ne4
41. Bg7 c5 42. dxc5 Kc6 43. Bd4 Nxc5+ 44. Bxc5 Kxc5 45. Ka3 Kd4 46. Kb3 Ke4 47.
Ka3 Kxf4 48. Kb2 e5 49. Kc1 a4 50. Kb2 e4 51. Kc3 e3 52. Kb4 e2 53. c3 e1=Q 54.
Kxb5 Qxc3 55. Kxa4 Qb2 56. Ka5 Ke5 57. Ka4 Kd4 58. Ka5 Kc5 59. Ka6 Qb6# 0-1

[Event "CYCC U14"]
[Site "Quebec CAN"]
[Date "2018.07.05"]
[Round "5.40"]
[White "Dong, Yiwei"]
[Black "Xiang, Christopher"]
[Result "0-1"]
[WhiteElo "1364"]
[BlackElo "1662"]
[PlyCount "42"]
[EventDate "2018.07.02"]
[EventType "swiss"]
[EventRounds "7"]
[EventCountry "CAN"]

1. d4 Nf6 2. Bf4 g6 3. Nc3 Bg7 4. e4 d6 5. Qd2 O-O 6. h4 Nbd7 7. Nf3 c5 8. Bc4
cxd4 9. Nxd4 Nc5 10. Be3 Ncxe4 11. Nxe4 Nxe4 12. Qe2 d5 13. Bd3 e5 14. Nb3 Nd6
15. c3 Re8 16. O-O-O Be6 17. Nc5 Qc7 18. Kb1 d4 19. Nxe6 Rxe6 20. Bd2 e4 21.
Bb5 d3 0-1

[Event "CYCC U14"]
[Site "Quebec CAN"]
[Date "2018.07.05"]
[Round "5.41"]
[White "Mirabelli, Aidan"]
[Black "Blanco, Rafael"]
[Result "1-0"]
[WhiteElo "1592"]
[BlackElo "1197"]
[PlyCount "59"]
[EventDate "2018.07.02"]
[EventType "swiss"]
[EventRounds "7"]
[EventCountry "CAN"]

1. e4 e6 2. d4 d5 3. Nd2 Nf6 4. e5 Nfd7 5. Bd3 c5 6. c3 Nc6 7. Ngf3 Be7 8. O-O
O-O 9. Qc2 h6 10. Re1 Qb6 11. a3 cxd4 12. cxd4 Nxd4 13. Nxd4 Qxd4 14. Nf3 Qc5
15. Qa4 Kh8 16. Qg4 Re8 17. Qh5 Kg8 18. Bxh6 gxh6 19. Qxh6 Nf8 20. Ng5 Bxg5 21.
Qxg5+ Ng6 22. Bxg6 fxg6 23. Qxg6+ Kf8 24. Qf6+ Kg8 25. Re3 Qxe3 26. fxe3 Bd7
27. Rf1 Bb5 28. Qg6+ Kh8 29. Rf7 Bd3 30. Qg7# 1-0

[Event "CYCC U14"]
[Site "Quebec CAN"]
[Date "2018.07.04"]
[Round "5.42"]
[White "Celer-Matas, Simon"]
[Black "Makarczyk, David"]
[Result "1-0"]
[WhiteElo "1223"]
[BlackElo "1582"]
[PlyCount "115"]
[EventDate "2018.07.02"]
[EventType "swiss"]
[EventRounds "7"]
[EventCountry "CAN"]

1. e4 c5 2. Nf3 Nc6 3. d4 cxd4 4. Nxd4 e5 5. Nf3 Nf6 6. Bg5 Be7 7. Nc3 d6 8. h3
O-O 9. Bc4 Be6 10. Bb3 Rc8 11. O-O Nd7 12. Bxe7 Qxe7 13. Nb5 a6 14. Nxd6 Rc7
15. Bxe6 Qxe6 16. Qd5 Qxd5 17. exd5 Nb4 18. c4 f5 19. Ng5 Nc5 20. Ne6 Nxe6 21.
dxe6 Nc6 22. Rfe1 Re7 23. b3 b6 24. Nf7 Rxe6 25. Ng5 Rd6 26. Red1 Rfd8 27. Rdc1
e4 28. h4 Rd2 29. Ne6 R8d6 30. Nc7 Nd4 31. Kf1 Nc2 32. Rab1 Na3 33. Ra1 Nc2 34.
Rab1 Nb4 35. Ra1 Nxa2 36. Re1 Nb4 37. Rec1 a5 38. Nb5 Rd7 39. c5 bxc5 40. Rxc5
g6 41. Rc8+ Kg7 42. Rc7 Rxc7 43. Nxc7 Nd3 44. Rxa5 Rxf2+ 45. Kg1 e3 46. Ne6+
Kh6 47. Nc5 Nf4 48. g3 Rg2+ 49. Kh1 e2 50. Ra1 Rxg3 51. Kh2 Rh3+ 52. Kg1 Rxh4
53. Kf2 Rh3 54. b4 Rc3 55. Rb1 Rc2 56. Kf3 Nd5 57. Ne6 Ne3 58. Rh1# 1-0

[Event "CYCC U14"]
[Site "Quebec CAN"]
[Date "2018.07.04"]
[Round "5.43"]
[White "Chakkoli, Anirud"]
[Black "Laroche, Hugo"]
[Result "0-1"]
[WhiteElo "1422"]
[BlackElo "1415"]
[PlyCount "118"]
[EventDate "2018.07.02"]
[EventType "swiss"]
[EventRounds "7"]
[EventCountry "CAN"]

1. e4 e5 2. Nf3 Nc6 3. Bb5 a6 4. Ba4 Nf6 5. O-O b5 6. Bb3 Bc5 7. d3 d6 8. h3
O-O 9. c3 Bb7 10. Bc2 Bb6 11. Re1 Re8 12. Nbd2 Nh5 13. Nf1 Nf4 14. d4 Ng6 15.
Ng3 f6 16. Nf5 Nce7 17. N3h4 Nxh4 18. Nxh4 Qd7 19. dxe5 fxe5 20. Qh5 Rf8 21.
Be3 Bxe3 22. Rxe3 Rf6 23. Rg3 Kh8 24. Qg5 Ng6 25. Nf5 Raf8 26. h4 Nf4 27. Qg4
Rg6 28. Qd1 Rxg3 29. Nxg3 Qf7 30. h5 Nh3+ 31. gxh3 Qxf2+ 32. Kh1 Qxg3 33. Qg4
Qxg4 34. hxg4 Rf2 35. Rc1 Rf4 36. Kg2 Bxe4+ 37. Bxe4 Rxe4 38. Rf1 Kg8 39. Kg3
Re2 40. Rf2 Rxf2 41. Kxf2 Kf7 42. Ke3 g5 43. hxg6+ Kxg6 44. Kf3 Kg5 45. b4 d5
46. a3 e4+ 47. Ke3 Kxg4 48. Kd4 h5 49. Kxd5 e3 50. Kc6 e2 51. Kxc7 e1=Q 52. Kb6
Qe6+ 53. Ka5 h4 54. a4 bxa4 55. Kxa4 h3 56. c4 h2 57. c5 h1=Q 58. b5 Qc4+ 59.
Ka5 Qxb5# 0-1

[Event "CYCC U14"]
[Site "Quebec CAN"]
[Date "2018.07.04"]
[Round "5.44"]
[White "Yoker, Callum"]
[Black "Leblanc, Alexandre"]
[Result "1/2-1/2"]
[WhiteElo "1160"]
[BlackElo "1530"]
[PlyCount "69"]
[EventDate "2018.07.02"]
[EventType "swiss"]
[EventRounds "7"]
[EventCountry "CAN"]

1. d4 d5 2. Bf4 Nf6 3. e3 e6 4. Bd3 Bd6 5. Bg3 b6 6. Nf3 Bxg3 7. hxg3 h6 8.
Nbd2 c5 9. c3 Qc7 10. Ne5 Nbd7 11. Nxd7 Bxd7 12. Nf3 Ng4 13. Qe2 c4 14. Bc2
O-O-O 15. O-O-O Bc6 16. Nd2 f5 17. Nf1 g6 18. Nh2 h5 19. f4 Rh7 20. Nxg4 hxg4
21. Kb1 Bb5 22. Rde1 Rdh8 23. Qd1 Rh6 24. Rxh6 Rxh6 25. Rh1 Qh7 26. Rxh6 Qxh6
27. Qg1 Be8 28. a3 g5 29. Bd1 gxf4 30. exf4 Bd7 31. Bc2 Kb7 32. Ka2 Ka6 33. Kb1
Ka5 34. Ka2 b5 35. Kb1 1/2-1/2

[Event "CYCC U14"]
[Site "Quebec CAN"]
[Date "2018.07.04"]
[Round "5.45"]
[White "Grandmont, Mathias"]
[Black "Jiang, Shawn"]
[Result "1-0"]
[WhiteElo "1560"]
[BlackElo "1020"]
[PlyCount "85"]
[EventDate "2018.07.02"]
[EventType "swiss"]
[EventRounds "7"]
[EventCountry "CAN"]

1. Nf3 Nf6 2. d4 g6 3. c4 Bg7 4. Nc3 O-O 5. e4 d6 6. Be2 e5 7. d5 Nbd7 8. O-O
Nc5 9. Qc2 a5 10. Be3 b6 11. a3 Ne8 12. b4 Nb7 13. Nb5 f5 14. Bg5 Nf6 15. Bd3
f4 16. h3 h6 17. Bxf6 Bxf6 18. Be2 g5 19. Nh2 Rf7 20. Bh5 Rg7 21. Ng4 Bxg4 22.
Bxg4 Qe8 23. Qe2 Qe7 24. Be6+ Kh8 25. Qh5 Nd8 26. Nxc7 Qxc7 27. Qe8+ Kh7 28.
Bf5+ Rg6 29. Qxg6+ Kh8 30. Qxf6+ Kg8 31. Qg6+ Qg7 32. Qxg7+ Kxg7 33. bxa5 Rxa5
34. Rfb1 Ra6 35. Ra2 Nf7 36. Rab2 Rxa3 37. Rxb6 Rc3 38. Be6 Nd8 39. Rxd6 Nxe6
40. Rxe6 Rxc4 41. Rc6 Rxe4 42. Rb7+ Kh8 43. Rc8# 1-0

[Event "CYCC U14"]
[Site "Quebec CAN"]
[Date "2018.07.04"]
[Round "5.46"]
[White "Asemota, Eghosa"]
[Black "Petrovic, Milos"]
[Result "0-1"]
[WhiteElo "823"]
[BlackElo "1291"]
[PlyCount "96"]
[EventDate "2018.07.02"]
[EventType "swiss"]
[EventRounds "7"]
[EventCountry "CAN"]

1. e4 e6 2. d4 d5 3. exd5 exd5 4. c4 Nf6 5. Bf4 Nc6 6. Nc3 dxc4 7. Bxc4 Qxd4 8.
Qxd4 Nxd4 9. O-O-O Bc5 10. Bxc7 Be6 11. Bxe6 Nxe6 12. Bg3 O-O 13. h3 Rac8 14.
a3 Bxa3 15. bxa3 Rxc3+ 16. Kb2 Rfc8 17. Nf3 Rc2+ 18. Kb1 Ne4 19. Rc1 Rxc1+ 20.
Rxc1 Rxc1+ 21. Kxc1 N6c5 22. Kc2 Nxg3 23. fxg3 f6 24. g4 Kf7 25. Kc3 Ne4+ 26.
Kc4 Ke6 27. a4 Kd6 28. Nd4 Kd7 29. a5 g6 30. Kd5 Nc3+ 31. Kc5 Nd1 32. Kb5 Ne3
33. g3 Nd1 34. a6 bxa6+ 35. Kxa6 Nf2 36. Kxa7 Nxh3 37. Kb6 Kd6 38. Nf3 Nf2 39.
Nh2 Ne4 40. Nf1 Ke5 41. Kc6 Nf2 42. Nh2 Nh1 43. Nf1 Nxg3 44. Nxg3 Kf4 45. Ne2+
Kxg4 46. Kd6 f5 47. Ke6 f4 48. Kf6 f3 0-1

[Event "CYCC U14"]
[Site "Quebec CAN"]
[Date "2018.07.04"]
[Round "5.47"]
[White "Landstrom, William"]
[Black "Lei, Yanyu"]
[Result "1-0"]
[WhiteElo "1297"]
[BlackElo "1337"]
[PlyCount "93"]
[EventDate "2018.07.02"]
[EventType "swiss"]
[EventRounds "7"]
[EventCountry "CAN"]

1. e4 c5 2. Nf3 d6 3. d4 cxd4 4. Nxd4 Nf6 5. Bd3 g6 6. Nc3 Bg7 7. O-O O-O 8. h3
Bd7 9. Be3 Nc6 10. Nf3 Re8 11. Qd2 Rc8 12. Rae1 Nb4 13. a3 Nxd3 14. cxd3 a6 15.
Bh6 Bh8 16. d4 Qa5 17. e5 Nh5 18. g4 Ng7 19. Nh4 Be6 20. f4 Bc4 21. Rf2 Ne6 22.
f5 Nc7 23. fxg6 fxg6 24. Qg5 Ne6 25. Qd2 dxe5 26. d5 Nc7 27. Qg5 Bf6 28. Rxf6
exf6 29. Qxf6 Qc5+ 30. Kh2 Qe7 31. Qxe7 Rxe7 32. d6 Re6 33. dxc7 Rxc7 34. Nf3
Rd7 35. Rxe5 Rxe5 36. Nxe5 Rc7 37. Nxc4 Rxc4 38. Be3 b5 39. Bb6 b4 40. Nd5 bxa3
41. bxa3 Ra4 42. Bc5 Ra5 43. Ne7+ Kf7 44. Bb4 Re5 45. Nc6 Ke6 46. Nxe5 Kxe5 47.
Kg3 1-0

[Event "CYCC U14"]
[Site "Quebec CAN"]
[Date "2018.07.04"]
[Round "5.48"]
[White "Stopic, Alexander"]
[Black "Greco, Justin"]
[Result "1-0"]
[WhiteElo "1662"]
[BlackElo "943"]
[PlyCount "73"]
[EventDate "2018.07.02"]
[EventType "swiss"]
[EventRounds "7"]
[EventCountry "CAN"]

1. c4 e5 2. g3 Nf6 3. Bg2 Bc5 4. Nc3 Nc6 5. Nf3 d6 6. e3 Be6 7. d4 exd4 8. exd4
Nxd4 9. Nxd4 Bg4 10. Qd3 Qe7+ 11. Be3 Qd7 12. Bxb7 Bxd4 13. Bxa8 Bxc3+ 14. Qxc3
O-O 15. Bg2 Re8 16. O-O Ne4 17. Bxe4 Rxe4 18. f3 Rxe3 19. Qxe3 Be6 20. Rfe1 Kf8
21. Qxa7 g6 22. c5 Kg7 23. Rad1 Qc6 24. cxd6 cxd6 25. Rxe6 Qxf3 26. Qd4+ Kh6
27. Qf4+ Qxf4 28. gxf4 fxe6 29. Rxd6 Kg7 30. Rxe6 Kf7 31. Re5 h6 32. b4 g5 33.
fxg5 hxg5 34. Rxg5 Ke7 35. b5 Kd7 36. Rc5 Kd6 37. Rc2 1-0

[Event "CYCC U14"]
[Site "Quebec CAN"]
[Date "2018.07.04"]
[Round "5.49"]
[White "Kochetkov, Maxim"]
[Black "Zhu, Benjamin"]
[Result "1/2-1/2"]
[WhiteElo "1181"]
[BlackElo "830"]
[PlyCount "150"]
[EventDate "2018.07.02"]
[EventType "swiss"]
[EventRounds "7"]
[EventCountry "CAN"]

1. d4 d5 2. Bf4 Nc6 3. e3 Bf5 4. c4 e6 5. Nf3 Bxb1 6. Rxb1 Bb4+ 7. Nd2 Nf6 8.
a3 Bxd2+ 9. Qxd2 Ne4 10. Qd1 Ne7 11. Qa4+ c6 12. Qb3 O-O 13. Qxb7 Qa5+ 14. Qb4
Qxb4+ 15. axb4 a6 16. Bd3 Ng6 17. Bg3 Nxg3 18. hxg3 h6 19. Kd2 Rab8 20. Kc3 Rb7
21. Ra1 Rfb8 22. Ra4 a5 23. Rxa5 Rxb4 24. Rb1 Ne7 25. c5 g6 26. b3 h5 27. Ra4
R4b7 28. b4 Nc8 29. Ra6 Na7 30. Ra3 Nb5+ 31. Bxb5 cxb5 32. Rba1 Kf8 33. Ra6 Ke7
34. Rd6 Rd8 35. Rxd8 Kxd8 36. Ra8+ Kd7 37. Ra6 Rc7 38. Rb6 Ra7 39. Kb2 Ra8 40.
Rxb5 Kc6 41. Rb6+ Kc7 42. b5 Ra5 43. f3 g5 44. e4 dxe4 45. fxe4 Ra4 46. Rd6
Rb4+ 47. Kc3 Rxb5 48. Rb6 Rxb6 49. cxb6+ Kxb6 50. Kd3 Kc6 51. Ke3 Kd6 52. Kf3
e5 53. d5 g4+ 54. Ke3 f6 55. Kd3 Kc5 56. Kc3 f5 57. exf5 Kxd5 58. f6 Ke6 59. f7
Kxf7 60. Kd3 Kf6 61. Ke4 Ke6 62. Kd3 Kf5 63. Ke3 e4 64. Kd4 e3 65. Kxe3 Kg5 66.
Kf2 h4 67. gxh4+ Kxh4 68. Kf1 Kg3 69. Kg1 Kf4 70. Kf2 g3+ 71. Ke2 Ke4 72. Kf1
Kf4 73. Ke2 Ke4 74. Kf1 Kf4 75. Ke2 Ke4 1/2-1/2

[Event "CYCC U14"]
[Site "Quebec CAN"]
[Date "2018.07.04"]
[Round "5.51"]
[White "Cossette-Labbe, Raphael"]
[Black "Hallam, Lucas"]
[Result "0-1"]
[WhiteElo "1076"]
[BlackElo "1103"]
[PlyCount "116"]
[EventDate "2018.07.02"]
[EventType "swiss"]
[EventRounds "7"]
[EventCountry "CAN"]

1. d4 d5 2. c4 e6 3. Nf3 Nf6 4. Nc3 Bb4 5. Bd2 Nc6 6. Bg5 h6 7. Bf4 O-O 8. e3
b6 9. cxd5 Nxd5 10. Bg3 Nxc3 11. bxc3 Bxc3+ 12. Nd2 Bxa1 13. Qxa1 Re8 14. Bd3
Nb4 15. Qb1 Nxd3+ 16. Qxd3 e5 17. O-O exd4 18. exd4 a5 19. Bf4 Ba6 20. Qg3 g5
21. Rc1 Qe7 22. h3 c5 23. dxc5 bxc5 24. Bd6 Qd7 25. Rxc5 Rad8 26. Bf4 Kf8 27.
Bc7 Rc8 28. Bd6+ Kg8 29. Ne4 Rxe4 30. f3 Rxc5 31. fxe4 Rc1+ 32. Kh2 Rd1 33. Be5
Qd3 34. Qg4 Re1 35. Qh5 Qxe4 36. Bd6 Qg6 37. Qxg6+ fxg6 38. g4 Re2+ 39. Kg1
Rxa2 40. Be5 a4 41. Kh1 Rc2 42. Kg1 a3 43. Kh1 a2 44. Kg1 Rc1+ 45. Kf2 a1=Q 46.
Bxa1 Rxa1 47. Ke3 Ra4 48. Kf3 h5 49. gxh5 gxh5 50. Kg3 Bc8 51. Kh2 Bxh3 52.
Kxh3 Rh4+ 53. Kg3 Ra4 54. Kf3 Rg4 55. Kf2 h4 56. Kf3 Rg3+ 57. Kf2 Kf7 58. Kf1
Kf6 0-1

[Event "CYCC U14"]
[Site "Quebec CAN"]
[Date "2018.07.04"]
[Round "6.30"]
[White "England, Max"]
[Black "Yang, Fan"]
[Result "1/2-1/2"]
[WhiteElo "2061"]
[BlackElo "2113"]
[PlyCount "82"]
[EventDate "2018.07.02"]
[EventType "swiss"]
[EventRounds "7"]
[EventCountry "CAN"]

1. e4 e5 2. Nf3 Nc6 3. Bc4 Bc5 4. d3 Nf6 5. Nc3 h6 6. Be3 Bb6 7. Bxb6 axb6 8.
O-O d6 9. d4 Bg4 10. dxe5 dxe5 11. Bb5 Qxd1 12. Rfxd1 Bxf3 13. gxf3 Ke7 14.
Bxc6 bxc6 15. Rd2 Rhd8 16. Rad1 Rd6 17. a3 Ke6 18. Ne2 Nh5 19. Ng3 Nxg3 20.
fxg3 Rad8 21. Rxd6+ cxd6 22. Kf2 Rd7 23. Ke3 g6 24. g4 d5 25. h4 f5 26. gxf5+
gxf5 27. exd5+ cxd5 28. Rg1 f4+ 29. Kd3 Kf5 30. h5 e4+ 31. Ke2 Rd6 32. c3 e3
33. Kd3 Ke5 34. b4 b5 35. Rg8 Ra6 36. Re8+ Re6 37. Rb8 Ra6 38. Re8+ Kf6 39.
Rf8+ Ke5 40. Re8+ Kf6 41. Rf8+ Ke5 1/2-1/2

[Event "CYCC U14"]
[Site "Quebec CAN"]
[Date "2018.07.04"]
[Round "6.31"]
[White "Chung, Leo"]
[Black "Zhao, Ian"]
[Result "0-1"]
[WhiteElo "1696"]
[BlackElo "2055"]
[PlyCount "98"]
[EventDate "2018.07.02"]
[EventType "swiss"]
[EventRounds "7"]
[EventCountry "CAN"]

1. Nf3 Nf6 2. g3 e6 3. Bg2 Be7 4. d3 d5 5. Nbd2 O-O 6. O-O c5 7. e4 Nc6 8. Ne1
b5 9. f4 Qc7 10. c3 a5 11. g4 Rd8 12. g5 Ne8 13. h4 dxe4 14. dxe4 Nd6 15. Qf3
Bb7 16. h5 e5 17. Nb3 Nc4 18. a4 bxa4 19. Rxa4 Qb6 20. Na1 Nxb2 21. Ra2 c4+ 22.
Kh1 Nd3 23. Nxd3 Rxd3 24. Qg4 Qc7 25. f5 Bc8 26. Qh4 Qd8 27. f6 Bf8 28. Raf2
Be6 29. Nc2 Bc5 30. Re2 Rxc3 31. g6 Qd3 32. gxh7+ Kxh7 33. Qg5 Qg3 34. fxg7
Qxg5 35. Bxg5 Kxg7 36. Bf3 Kh7 37. Ne3 Bxe3 38. Bxe3 Nd4 39. Bxd4 exd4 40. e5
Rxf3 41. Rxf3 Bd5 42. Kg2 d3 43. Rd2 Bxf3+ 44. Kxf3 a4 45. Ke3 a3 46. Ra2 Kh6
47. Kd2 Kxh5 48. Kc3 Ra4 49. e6 fxe6 0-1

[Event "CYCC U14"]
[Site "Quebec CAN"]
[Date "2018.07.04"]
[Round "6.32"]
[White "Hemstapat, Andrew"]
[Black "Wu, Tony (Dongze)"]
[Result "1-0"]
[WhiteElo "2239"]
[BlackElo "1883"]
[PlyCount "135"]
[EventDate "2018.07.02"]
[EventType "swiss"]
[EventRounds "7"]
[EventCountry "CAN"]

1. e4 c5 2. Nf3 d6 3. d4 cxd4 4. Nxd4 Nf6 5. Nc3 g6 6. Be3 Bg7 7. Be2 O-O 8.
O-O Nc6 9. Kh1 Bd7 10. f4 Rc8 11. Nxc6 Bxc6 12. Bf3 a6 13. a4 Nd7 14. Bd4 Bxd4
15. Qxd4 Qb6 16. Qd2 Qc7 17. a5 b5 18. axb6 Qxb6 19. Be2 Bb7 20. Rab1 Nf6 21.
Bd3 d5 22. e5 Ng4 23. Nd1 d4 24. Re1 e6 25. h3 Nh6 26. Nf2 Nf5 27. Ng4 Rfd8 28.
Qf2 Kg7 29. Kh2 Rh8 30. Rbd1 h5 31. Bxf5 hxg4 32. Bxg4 Qc5 33. Rd2 Qb4 34. Rd3
Qc4 35. Re2 Rhd8 36. Bf3 Bxf3 37. Qxf3 Rd5 38. g4 Rb8 39. b3 Qc5 40. Qe4 Rb5
41. h4 Rd8 42. Kg3 Qd5 43. Qxd5 Rdxd5 44. Red2 Rb4 45. Kf3 f5 46. exf6+ Kxf6
47. Ke4 Rb8 48. Rxd4 Rxd4+ 49. Rxd4 Rh8 50. g5+ Ke7 51. Ke5 Rf8 52. Ke4 a5 53.
Kf3 Rc8 54. c4 Rh8 55. Kg4 Rb8 56. Rd3 Rh8 57. c5 Rc8 58. Rc3 Kd7 59. c6+ Kc7
60. h5 gxh5+ 61. Kxh5 Kd6 62. g6 Ke7 63. g7 Kf7 64. Kh6 Kg8 65. Kg6 e5 66. c7
a4 67. Rh3 Rxc7 68. Rh8# 1-0

[Event "CYCC U14"]
[Site "Quebec CAN"]
[Date "2018.07.04"]
[Round "6.33"]
[White "Ahmed, Syed Ibrahim"]
[Black "Zhang, Andy"]
[Result "1-0"]
[WhiteElo "1493"]
[BlackElo "1382"]
[PlyCount "45"]
[EventDate "2018.07.02"]
[EventType "swiss"]
[EventRounds "7"]
[EventCountry "CAN"]

1. c4 e6 2. d4 d5 3. Nf3 Nf6 4. g3 Be7 5. Bg2 O-O 6. O-O dxc4 7. Ne5 Nbd7 8.
Nxc4 c5 9. Nc3 Nb6 10. Nxb6 Qxb6 11. dxc5 Qxc5 12. Be3 Qb4 13. Qb3 Ng4 14. Bf4
e5 15. Nd5 Qxb3 16. Nxe7+ Kh8 17. axb3 exf4 18. Nxc8 Raxc8 19. Rxa7 Rc2 20.
Rxb7 Rxe2 21. Bf3 Rxb2 22. Bxg4 fxg3 23. fxg3 1-0